000
00318nam a2200121Ia 4500
008
151021s9999 xx 000 0 und d
020
_a
9966980105
050
_a
P MLC 2003
245
_a
_The sacred seed Rebeka Njau
260
_a
Nairobi Books Horizon 2003
650
_a
_Story
980
_a
^d20110420 11:53:26^okorir
999
_c
7097
_d
7097